| 000 | 01238cam a2200373 i 4500 | ||
|---|---|---|---|
| 003 | EG-ScBUE | ||
| 005 | 20241117143020.0 | ||
| 008 | 150816t2006 maua f 001 0 eng d | ||
| 020 | _a0321286715 (SE) | ||
| 020 | _a032128724X (IE) | ||
| 020 | _a9780321286710 | ||
| 040 |
_aEG-ScBUE _beng _erda _cEG-ScBUE _dEG-ScBUE |
||
| 082 | 0 | 4 |
_a519.5 _bDEV _222 |
| 100 | 1 |
_912741 _aDe Veaux, Richard D., _eauthor |
|
| 245 | 1 | 0 |
_aIntro stats / _cRichard D. De Veaux, Williams College, Paul F. Velleman, Cornell University, David E. Bock, Cornell University. |
| 250 | _aSecond edition. | ||
| 264 | 1 |
_aBoston : _bPearson Addison Wesley, _c[2006] |
|
| 264 | 4 | _cc2006 | |
| 300 |
_a1 volume (various pagings) : _billustrations (some color) ; _c27 cm + _e1 CD |
||
| 336 |
_2rdacontent _atext _btxt |
||
| 336 |
_2rdacontent _asounds _bsnd |
||
| 337 |
_aunmediated _2rdamedia _bn |
||
| 337 |
_aaudio _2rdamedia _bs |
||
| 338 |
_avolume _bnc _2rdacarrier |
||
| 338 |
_acomputer disc _bcd _2rdacarrier |
||
| 500 | _aIncludes index. | ||
| 650 | 7 |
_aStatistics. _2BUEsh |
|
| 651 | _2BUEsh | ||
| 653 |
_bENGGEN _cAugust2015 |
||
| 655 |
_vReading book _933728 |
||
| 700 | 1 |
_aVelleman,Paul F., _eauthor. |
|
| 700 | 1 |
_aBock, David E., _eauthor. |
|
| 942 |
_cBB _2ddc |
||
| 999 |
_c212 _d212 |
||